Un hombre, una historia, un pueblo : (Record no. 1523)
[ view plain ]
| 000 -LEADER | |
|---|---|
| campo de control de longitud fija | 00937nam a22002057a 4500 |
| 003 - IDENTIFICADOR DE NÚMERO DE CONTROL | |
| campo de control | CoMeUDC |
| 005 - FECHA Y HORA DE LA ÚLTIMA TRANSACCIÓN | |
| campo de control | 20220413095323.0 |
| 008 - DATOS DE LONGITUD FIJA--INFORMACIÓN GENERAL | |
| campo de control de longitud fija | 220413b ||||| |||| 00| 0 eng d |
| 040 ## - FUENTE DE CATALOGACIÓN | |
| Centro/agencia transcriptor | CO-UdeC |
| 082 ## - NÚMERO DE LA CLASIFICACIÓN DECIMAL DEWEY | |
| Número de clasificación | 923.28 |
| Número de ítem | D946 |
| 100 ## - ENTRADA PRINCIPAL--NOMBRE DE PERSONA | |
| 9 (RLIN) | 2020 |
| Nombre de persona | Duque, Villabrado Luis |
| 245 ## - MENCIÓN DEL TÍTULO | |
| Título | Un hombre, una historia, un pueblo : |
| Resto del título | el testimonio de una vida / |
| Mención de responsabilidad, etc. | Villabrado Luis Duque. |
| 260 ## - PUBLICACIÓN, DISTRIBUCIÓN, ETC. | |
| Lugar de publicación, distribución, etc. | Medellín : |
| Nombre del editor, distribuidor, etc. | Odín publicidad, |
| Fecha de publicación, distribución, etc. | 2014. |
| 300 ## - DESCRIPCIÓN FÍSICA | |
| Extensión | 190 p. : |
| Otras características físicas | il, col. |
| Dimensiones | 24 cm. |
| 505 ## - NOTA DE CONTENIDO CON FORMATO | |
| Nota de contenido con formato | Saludo del homenajeado -- Presentación -- Prólogo -- Los ancestros -- Anecdotario -- Los primeros oficios -- Anecdotario -- El hombre público al servicio de las causas sociales -- El dirigente político del oriente antioqueño -- Ensayos, reconocimientos y crónicas finales -- Anecdotario -- Epílogo |
| 546 ## - NOTA DE IDIOMA | |
| Nota de lengua/lenguaje | Español |
| 650 #0 - PUNTO DE ACCESO ADICIONAL DE MATERIA--TÉRMINO DE MATERIA | |
| 9 (RLIN) | 2024 |
| Término de materia o nombre geográfico como elemento de entrada | Políticos antioqueños |
| 650 #0 - PUNTO DE ACCESO ADICIONAL DE MATERIA--TÉRMINO DE MATERIA | |
| 9 (RLIN) | 2025 |
| Término de materia o nombre geográfico como elemento de entrada | Abogados antioqueños |
| Subdivisión general | Biografías |
| 942 ## - ELEMENTOS DE ENTRADA SECUNDARIOS (KOHA) | |
| Fuente del sistema de clasificación o colocación | Clasificación Decimal Dewey |
| Tipo de ítem Koha | Libros |
| Estatus retirado | Estado de pérdida | Fuente del sistema de clasificación o colocación | Estado de daño | No para préstamo | Colección | Biblioteca de origen | Biblioteca actual | Fecha de adquisición | Fuente de adquisición | Signatura topográfica completa | Código de barras | Visto por última vez | Copia número | Precio de reemplazo | Tipo de ítem Koha |
|---|---|---|---|---|---|---|---|---|---|---|---|---|---|---|---|
| Clasificación Decimal Dewey | Colección general | U DE COLOMBIA - Biblioteca | U DE COLOMBIA - Biblioteca | 13/04/2022 | Donación | 923.28 D946 | 100357 | 13/04/2022 | 1 | 13/04/2022 | Libros |
